000 00833nam a2200205Ia 4500
999 _c40163
_d40163
001 6769
003 GE_BSU
005 20200115115749.0
008 181216s1960||||g |||||||||||||| ||ge ||
040 _cGE_BSU
080 _a821.353.1-32 გ-59
100 _aგოგიავა, კლიმენტი.
_95998
245 _aნამუსის ქუდი :
_bმოთხრბები /
_cკლიმენტი გოგიავა ; რედ. ბ. მირცხულავა.
264 _aთბილისი :
_bსაბჭ.საქართველო,
_c1960.
300 _a366 გვ. ;
_c16 სმ.
653 _aმოთხრობები
653 _aნამუსის ქუდი
700 _aმირცხულავა, ბ.
_eრედაქტორი
_96121
942 _cBK
_2udc